000 00542nam a2200169 i 4500
001 28776
003 ES-MaACL
005 20250929063059.0
007 t|
008 030120s1977 sp ||||1| spa d
100 1 _aBarbadillo, Manuel,
_d1891-1986
_925372
245 1 3 _aEl Duque de Montpensier y su mundo político
_b: (1824-1890) : biografía /
_cManuel Barbadillo.
260 _aJerez de la Frontera :
_bSexta,
_c[1977]
300 _a217 p., 12 lám. ;
_c25 cm.
852 _aES-MaACL
_jA-8340
_bR.97096
999 _c28776
_d28776